=LDR 00000nam 2200000 4500 =001 INLIS000000000020402 =005 20210216092111 =035 ##$$a 0010-061300000020402 =008 210216################g##########0#ind## =041 ##$$a Ind =082 ##$$a 370 =090 ##$$a 370, Pra m =100 ##$$a Prawiradilaga, Dewi Salma =245 1#$$a Mozaik teknologi pendidikan /$c Dewi Salma Prawiradilaga, Eveline Siregar =260 ##$$a Jakarta :$b Prenada Media,$c 2004 =300 ##$$a xviii, 426 hlm. : $b ilus ; $c 23 x 15 cm. =650 #4$$a Pendidikan =850 ##$$a NBPNMAT =020 ##$$a 979-3465-69-7 =084 ##$$a 370 PRA m =250 ##$$a cet. 1 =700 #$$a Eveline Siregar =990 ##$$a 20610817 =990 ##$$a 20610816 =990 ##$$a 20610819